| 000 | 00632nam a2200217Ia 4500 | ||
|---|---|---|---|
| 003 | GCL | ||
| 008 | 140319s9999 xx 000 0 ara d | ||
| 040 |
_aGCL / _cGCL |
||
| 082 | 0 | 4 |
_a621.38 _bى ا |
| 100 | 1 | _aمحمود مختار | |
| 245 | 1 | 0 |
_aاشباه الموصلات وتطبيقاتها العملية / _cمحمود مختار |
| 700 | 1 | _aيوفى، ا. ف. | |
| 700 | 1 | _aيوسف ليتويوسف | |
| 300 | _a104 ص | ||
| 490 |
_aالالف كتاب _v0 |
||
| 650 | 0 | 4 | _aالكهرباء |
| 650 | 0 | 4 | _aالحرارة |
| 650 | 0 | 4 | _aالطاقة الكهربائية |
| 650 | 0 | 4 | _aالطاقة |
| 942 |
_2ddc _cBK |
||
| 999 |
_c42620 _d42620 |
||